[Event "Peace Tournament 2018"]
[Site "Zagreb"]
[Date "2018.11.09"]
[Round "10.5"]
[White "Stevic, Hrvoje"]
[Black "Amin, Bassem"]
[Result "1/2-1/2"]
[WhiteElo "2589"]
[BlackElo "2709"]
[Annotator "TA"]
[PlyCount "38"]
[EventDate "2018.11.12"]
[EventType "tourn"]
[EventCountry "CRO"]
[SourceTitle "playchess.com"]
[Source "ChessBase"]
[SourceQuality "1"]

{[%evp 22,30,0,0,20,14,11,11,23,24,14]} 1. e4 e5 2. Nf3 Nc6 3. Nc3 Nf6 4. d4 exd4 5. Nxd4 Bb4 6. Nxc6 bxc6 7. Bd3 d5 8. exd5 cxd5 9. O-O O-O 10. Bg5 c6 11. Qf3 Bd6 12. Rae1 h6 {C47: Scotch Four Knights and Four Knights with 4 g3} (12... Rb8 13. Nd1 h6 14. Bxf6 Qxf6 15. Qxf6 gxf6 16. b3 Be6 17. Ne3 Bb4 18. Rd1 Rfe8 19. Nf5 Bxf5 20. Bxf5 Re5 21. f4 {½-½ (30) Wei,Y (2734)-Yu,Y (2759) Hangzhou 2018}) 13. Bxf6 Qxf6 14. Qxf6 gxf6 15. Ne2 c5 {Predecessor:} 16. Ng3 $146 Rb8 17. b3 Be5 18. Nf5 Bxf5 19. Bxf5 a5 {½-½ (19) Marinkovic,S (2388)-Blagojevic,D (2462) Belgrade 2016} 1/2-1/2

[Event "Peace Tournament 2018"]
[Site "Zagreb"]
[Date "2018.11.09"]
[Round "10.6"]
[White "Bacrot, Etienne"]
[Black "Zelcic, Robert"]
[Result "1-0"]
[WhiteElo "2677"]
[BlackElo "2508"]
[Annotator "TA"]
[PlyCount "127"]
[EventDate "2018.11.12"]
[EventType "tourn"]
[EventCountry "CRO"]
[SourceTitle "playchess.com"]
[Source "ChessBase"]
[SourceQuality "1"]

{[%evp 10,127,31,16,27,13,27,28,26,15,36,36,47,29,72,73,71,76,74,67,81,65,73,37,43,29,40,49,32,31,45,17,15,17,41,19,24,18,24,0,70,70,63,70,69,62,100,62,75,77,152,121,202,200,206,206,242,223,193,182,190,181,177,182,188,184,162,0,160,133,137,125,128,143,147,144,184,180,220,156,162,166,184,191,180,183,169,170,193,199,257,247,265,269,268,266,272,273,270,265,303,270,334,289,317,287,776,11789,9371,11128,12215,137,12057,11879,9371,7670,6097,6118,6111,5931]} 1. e4 c6 2. Nf3 d5 3. Nc3 Bg4 4. h3 Bxf3 5. Qxf3 Nf6 6. Be2 {LiveBook: 66 Games} e6 {B11: Caro-Kann: Two Knights Variation} 7. O-O Bc5 8. Rd1 Bd4 {White has an edge.} 9. Qf4 $146 ({Predecessor:} 9. exd5 exd5 10. Bf1 O-O 11. Ne2 Bb6 12. Ng3 Re8 13. d4 Nbd7 14. c3 {1-0 (64) Nepomniachtchi,I (2719)-Grischuk,A (2747) Almaty 2016}) 9... e5 10. Qg3 O-O 11. d3 Qd6 12. exd5 cxd5 13. Nb5 Qb6 14. Nxd4 exd4 15. c3 Re8 16. Bf3 (16. Bh6 $5 {[%cal Rg3g7]} g6 17. Bf3 $14) 16... Nbd7 17. cxd4 Qxd4 18. Bh6 {[%csl Gh6][%cal Rg3g7] [#]} g6 19. Rab1 Ne5 20. Be2 (20. Be3 $5 {[%cal Re3d4]} Nxf3+ 21. Qxf3 $14) 20... Nc6 21. Bf1 Re6 22. Qf4 Qb6 23. Re1 {[#] Rxe6 is the strong threat.} Nh5 24. Qf3 Ne7 ({Black should play} 24... Rxe1 $11 25. Rxe1 Qa5) 25. Rxe6 $14 Qxe6 26. g4 Ng7 $1 27. Bg2 Rc8 28. Bd2 Qd7 29. Re1 Rc6 (29... Ne6 $142) 30. Qe3 Re6 (30... Ne6 $16) 31. Qxa7 $18 Rxe1+ 32. Bxe1 h5 33. Qb8+ Kh7 34. Qf4 hxg4 35. hxg4 Nc6 36. Bc3 {And now b4 would win.} Kg8 37. Bf6 {White threatens Qh6 and mate.} Ne8 38. Bc3 $2 (38. Bh4 $18) 38... Nc7 $2 (38... Ng7 $1 $11) 39. Bf3 Ne6 40. Qf6 {[%csl Gc3][%cal Rf6h8]} d4 41. Bd2 Qd6 42. Be4 $40 {[%mdl 128] White is out for blood.} b6 43. Kf1 Ne7 44. Qf3 Qc5 45. Kg2 f5 46. gxf5 gxf5 47. Qg3+ Kf7 {White must now prevent ...Qc2.} 48. Bf3 Nd5 49. Bd1 Qc6 (49... Qc7 $142 50. Qh4 Ndf4+ 51. Kf1 Qe5 52. Qh7+ Ke8) 50. Kg1 f4 51. Qg2 Qd6 52. Bb3 Ndc7 53. Qg5 {Strongly threatening Bxf4.} Ke8 54. Qf5 Kd8 55. a4 Qe7 56. a5 bxa5 57. Bxa5 Ke8 $2 (57... Qg5+ 58. Qxg5+ Nxg5) 58. Bxc7 Nxc7 59. Qc8+ Qd8 60. Qxd8+ Kxd8 61. Kg2 {White is clearly winning.} Na6 62. Kf3 Nc5 63. Bc4 Na4 64. b3 {Accuracy: White = 84%, Black = 41%.} 1-0

[Event "Peace Tournament 2018"]
[Site "Zagreb"]
[Date "2018.11.09"]
[Round "11.1"]
[White "Zelcic, Robert"]
[Black "Ivanchuk, Vassily"]
[Result "1/2-1/2"]
[WhiteElo "2508"]
[BlackElo "2714"]
[Annotator "TA"]
[PlyCount "71"]
[EventDate "2018.11.12"]
[EventType "tourn"]
[EventCountry "CRO"]
[SourceTitle "playchess.com"]
[Source "ChessBase"]
[SourceQuality "1"]

{[%evp 12,71,27,19,35,40,33,20,38,-7,-10,-6,-5,0,0,0,0,0,0,0,0,0,0,-14,-14,-18,0,0,0,-35,-33,-35,-33,-28,-29,-36,-41,-63,0,0,0,0,0,0,0,0,0,-7,0,0,0,0,0,0,0,0,0,0,0,0,0,0]} 1. e4 c5 2. Nf3 {[%cal Bg1f3,Bf3d4,Bd4b5][%mdl 32]} Nc6 3. d4 cxd4 4. Nxd4 Nf6 5. Nc3 d6 6. Bg5 e6 7. Qd3 Bd7 {B62: Sicilian: Richter-Rauzer: 6...e6: Unusual White 7th moves} 8. Ndb5 $146 ({Predecessor:} 8. O-O-O a6 9. Be2 h6 10. Bh4 Ne5 11. Qe3 g5 12. Bg3 b5 13. Nf3 Neg4 14. Qd3 b4 15. Nd5 exd5 16. exd5 Qa5 17. Kb1 {0-1 (51) Lampert,J (2514)-Sutovsky,E (2683) Douglas 2017}) 8... Nb4 9. Qd1 a6 10. a3 (10. Bxf6 {is interesting.} gxf6 11. a3 Bxb5 12. Bxb5+ axb5 13. axb4 Rxa1 14. Qxa1 d5 15. O-O) 10... Nxc2+ $1 11. Qxc2 {[#] Threatens to win with Bxf6.} axb5 12. Bxf6 Qxf6 13. Bxb5 Qd8 14. Bxd7+ Qxd7 15. O-O Be7 16. Rad1 O-O {[%cal Bh8f8,Bf8c8,Bc8c5][%mdl 32]} 17. Qb3 Rfc8 18. Rd3 Ra6 19. Rfd1 g6 20. Nb5 Rc5 21. a4 Qc6 22. Rd4 Bf6 23. R4d2 {[%cal Rb5d6]} Be5 24. Nxd6 Rb6 (24... Qxa4 $15 25. Qxa4 (25. Qxb7 $2 Rxd6 26. Qb8+ Kg7 $19) 25... Rxa4) 25. Qf3 $11 {The position is equal.} Bxd6 26. Rxd6 Qxd6 27. Rxd6 Rxd6 {[%mdl 4096] Endgame KQ-KRR} 28. h4 h5 29. b4 Rc4 30. Qf4 Rd8 31. Kh2 Rxb4 32. g4 $1 {[%cal Rg4h5]} Rdd4 ({Don't play} 32... Rxa4 $6 33. gxh5 Raa8 34. hxg6 $16) 33. Qb8+ Kg7 34. Qe5+ Kg8 35. Qb8+ Kg7 36. Qe5+ {Accuracy: White = 70%, Black = 54%.} 1/2-1/2

[Event "Peace Tournament 2018"]
[Site "Zagreb"]
[Date "2018.11.09"]
[Round "11.2"]
[White "Amin, Bassem"]
[Black "Bacrot, Etienne"]
[Result "1/2-1/2"]
[WhiteElo "2709"]
[BlackElo "2677"]
[Annotator "TA"]
[PlyCount "51"]
[EventDate "2018.11.12"]
[EventType "tourn"]
[EventCountry "CRO"]
[SourceTitle "playchess.com"]
[Source "ChessBase"]
[SourceQuality "1"]

{[%evp 18,51,17,17,13,10,18,13,20,13,22,8,5,7,8,0,1,2,8,4,10,0,0,0,0,0,4,0,0,-8,-6,-10,-12,-12,0,0]} 1. e4 e5 2. Nf3 Nc6 3. Bb5 Nf6 4. O-O Nxe4 5. Re1 Nd6 6. Nxe5 Be7 7. Bf1 Nxe5 8. Rxe5 O-O 9. d4 Bf6 10. Re1 {The position is equal.} Re8 {C67: Ruy Lopez: Berlin Defence: 4 0-0 Nxe4} 11. c3 Rxe1 12. Qxe1 Ne8 13. Bf4 (13. d5 c6 14. Nd2 cxd5 15. Nf3 d6 16. Be3 Nc7 17. Qd2 Bd7 18. g3 {½-½ (32) Giri,A (2780)-Caruana,F (2827) Batumi 2018}) 13... d5 14. Bd3 g6 15. Nd2 Ng7 {[#]} 16. Qe2 $146 ({Predecessor:} 16. Nf3 Bf5 17. Bxf5 Nxf5 18. Qe2 {½-½ (42) Grigoriants,S (2581)-Motylev,A (2654) Taganrog 2014}) 16... c6 17. Re1 Bf5 18. Bxf5 Nxf5 19. Nf3 Ng7 20. h3 Qd7 21. Be5 Re8 22. Qd3 Bd8 23. Re2 f6 24. Bg3 Rxe2 25. Qxe2 Qe6 26. Qxe6+ {Accuracy: White = 55%, Black = 82%.} 1/2-1/2

[Event "Peace Tournament 2018"]
[Site "Zagreb"]
[Date "2018.11.09"]
[Round "11.3"]
[White "Saric, Ivan"]
[Black "Stevic, Hrvoje"]
[Result "1/2-1/2"]
[WhiteElo "2692"]
[BlackElo "2589"]
[Annotator "TA"]
[PlyCount "101"]
[EventDate "2018.11.12"]
[EventType "tourn"]
[EventCountry "CRO"]
[SourceTitle "playchess.com"]
[Source "ChessBase"]
[SourceQuality "1"]

{[%evp 31,101,13,45,8,19,6,22,0,0,0,0,0,0,0,56,47,39,42,41,41,41,44,45,44,44,46,46,52,42,36,51,37,60,50,91,82,128,128,157,157,150,125,213,213,221,221,239,239,158,70,80,5,8,1,1,1,10,16,10,0,0,0,0,0,0,0,0,0,0,0,0,1]} 1. e4 e5 2. Nf3 Nc6 3. Bb5 a6 4. Ba4 Nf6 5. O-O Nxe4 6. d4 b5 7. Bb3 d5 {[%cal Bd7d5,Bd5d4,Bd4d3][%mdl 32]} 8. dxe5 Be6 9. Nbd2 Nc5 10. c3 Be7 11. Bc2 d4 12. Nb3 {C83: Open Ruy Lopez: 9 c3 Be7} d3 13. Bb1 Nxb3 14. axb3 Bf5 15. Re1 O-O 16. Be3 Qd5 {LiveBook: 16 Games} 17. Bd4 Rfd8 (17... d2 18. Re2 Bxb1 19. Rxb1 Nxd4 20. Nxd4 {1-0 (64) Caruana,F (2827)-Mamedyarov,S (2820) Batumi 2018}) 18. h4 h6 {[#]} 19. Bxd3 $146 ({Predecessor:} 19. Re3 Bc5 20. Bxc5 Qxc5 21. Bxd3 {½-½ (44) Iotov,V (2546)-Williamson,H (2499) ICCF email 2013}) 19... Bxd3 20. Qxd3 Qxb3 21. e6 Bf6 22. Qe4 (22. exf7+ {is more complex.} Qxf7 23. Rac1 Rac8 24. Qe4 Nxd4 25. cxd4 Qd5 26. Rc5) 22... Qxe6 ({Better is} 22... Nxd4 $11 23. exf7+ Qxf7 24. Nxd4 Bxd4 25. cxd4 Rd5) 23. Qxe6 $14 fxe6 24. Bxf6 gxf6 25. Rxe6 {[%mdl 64] Double Attack} Rd6 26. Rxd6 cxd6 {[%mdl 4096] Endgame KRN-KRN} 27. b4 Kf7 28. Kf1 Ke6 29. Ke2 Kd5 30. h5 Ke4 31. Rd1 d5 32. Nd2+ Ke5 {[#]} 33. Nb3 $1 Ra7 34. g3 Kd6 {[#]} 35. Ra1 $1 Ke5 36. Ke3 Kf5 (36... Ra8 $16 {keeps fighting.} 37. f4+ Kf5) 37. Nd4+ $18 Nxd4 38. Kxd4 {KR-KR} Kg5 39. Kxd5 Rc7 40. Ra3 ({White should try} 40. Rxa6 $16 {Strongly threatening Ra5.} Rxc3 41. Rb6) 40... f5 $1 $14 41. Ke5 ({But not} 41. Rxa6 Rxc3 42. Ra5 Rc2) (41. Ke6 $16) 41... Re7+ $11 {The position is equal.} 42. Kd6 Re2 $1 43. Rxa6 {aiming for Ra5.} Rxf2 44. Kc5 Rf3 45. Rg6+ Kxh5 46. Rg8 Rxc3+ 47. Kxb5 Rc1 48. Kb6 Rg1 49. Rf8 Rxg3 50. Rxf5+ Kg4 51. Rf6 {Accuracy: White = 70%, Black = 66%.} 1/2-1/2

[Event "Peace Tournament 2018"]
[Site "Zagreb"]
[Date "2018.11.09"]
[Round "11.4"]
[White "Palac, Mladen"]
[Black "Kozul, Zdenko"]
[Result "1/2-1/2"]
[WhiteElo "2548"]
[BlackElo "2612"]
[Annotator "TA"]
[PlyCount "38"]
[EventDate "2018.11.12"]
[EventType "tourn"]
[EventCountry "CRO"]
[SourceTitle "playchess.com"]
[Source "ChessBase"]
[SourceQuality "1"]

{[%evp 24,25,41,35]} 1. e4 c5 2. Nf3 d6 3. Bb5+ Bd7 4. c4 Nf6 5. Nc3 g6 6. d4 cxd4 7. Nxd4 Bg7 8. Be3 O-O 9. Bxd7 Qxd7 10. h3 Nc6 11. O-O Nxd4 {B52: Sicilian: Moscow Variation with 3...Bd7} 12. Bxd4 Qc6 13. Qd3 {[#] LiveBook: 5 Games} {Predecessor:} e6 $146 14. Rac1 Rfd8 15. Rfd1 Ne8 16. Bxg7 Nxg7 17. b3 a6 18. Qe3 Qc5 19. Qxc5 dxc5 {1-0 (46) Nepomniachtchi,I (2717)-Dubov,D (2638) Khanty-Mansiysk 2013} 1/2-1/2

[Event "Peace Tournament 2018"]
[Site "Zagreb"]
[Date "2018.11.09"]
[Round "11.5"]
[White "Adhiban, B.."]
[Black "Malakhov, Vladimir"]
[Result "1/2-1/2"]
[WhiteElo "2682"]
[BlackElo "2654"]
[Annotator "TA"]
[PlyCount "49"]
[EventDate "2018.11.12"]
[EventType "tourn"]
[EventCountry "CRO"]
[SourceTitle "playchess.com"]
[Source "ChessBase"]
[SourceQuality "1"]

{[%evp 16,49,17,16,28,18,19,15,23,19,23,28,36,35,40,43,66,24,31,17,26,36,31,5,6,7,6,6,6,6,8,7,6,13,13,10]} 1. d4 d5 2. c4 c6 3. Nc3 Nf6 4. Nf3 a6 5. cxd5 cxd5 6. Bf4 Nc6 7. Ne5 e6 8. e3 Nxe5 9. Bxe5 Bd6 {D13: Slav Defence: Exchange variation without ...Bf5} (9... Be7 10. Bd3 O-O 11. Qf3 b5 12. Qh3 g6 13. Qh6 Re8 14. Qf4 Ra7 15. O-O Nh5 16. Qf3 f6 17. Bb8 Rb7 {0-1 (34) Gareyev,T (2676)-Ipatov,A (2625) Dearborn 2013}) 10. Bd3 Bxe5 11. dxe5 Nd7 12. f4 Qb6 13. Qd2 O-O 14. O-O f6 15. Bc2 $146 ({Predecessor:} 15. exf6 Nxf6 16. Ne2 {½-½ (25) Hoi,C (2408)-Lamprecht,F (2419) Germany 2001}) 15... Rf7 16. Na4 Qa7 17. Qd4 b5 18. Nc3 b4 19. Nxd5 Qxd4 {The position is equal.} 20. exd4 {Black must now prevent Nc7.} exd5 21. e6 $1 {[%csl LRd7,LRf7][%mdl 64] [#] Double Attack} Re7 22. exd7 Bxd7 23. Bb3 Rd8 24. Rfe1 Kf8 25. Rxe7 {Accuracy: White = 82%, Black = 74%.} 1/2-1/2

[Event "Peace Tournament 2018"]
[Site "Zagreb"]
[Date "2018.11.09"]
[Round "11.6"]
[White "Cheparinov, Ivan"]
[Black "Jovanovic, Zoran"]
[Result "1-0"]
[WhiteElo "2711"]
[BlackElo "2537"]
[Annotator "TA"]
[PlyCount "71"]
[EventDate "2018.11.12"]
[EventType "tourn"]
[EventCountry "CRO"]
[SourceTitle "playchess.com"]
[Source "ChessBase"]
[SourceQuality "1"]

{[%evp 13,71,31,44,35,70,22,75,67,75,77,80,87,88,86,87,83,99,96,115,110,145,133,135,124,131,139,125,94,94,97,91,93,95,109,135,135,166,142,141,140,147,150,192,181,200,200,191,207,208,198,227,229,400,393,511,511,511,501,496,493]} 1. d4 d6 2. Nf3 g6 3. c4 Bg7 4. Nc3 Bg4 5. e3 Nf6 6. Be2 O-O 7. O-O Na6 {LiveBook: 12 Games. E61: King's Indian: Early deviations for White, including Smyslov System} (7... Nc6 8. d5 Nb8 9. h3 Bd7 10. e4 c6 11. Be3 Na6 12. Nd2 Rc8 13. Rc1 e6 14. dxe6 Bxe6 15. Nf3 Re8 {0-1 (38) Wang,H (2709)-Mamedyarov,S (2799) Huaian 2017}) 8. Qc2 Re8 $146 ({Predecessor:} 8... c5 9. d5 e6 10. e4 exd5 11. cxd5 Nb4 12. Qd1 Re8 13. a3 Na6 14. h3 Bxf3 15. Bxf3 {0-1 (34) Sagar,S (2401)-Baklan,V (2619) Trieste 2016}) 9. Rd1 (9. h3 $5 {[%cal Rh3g4]} Bd7 10. Rd1 $14) 9... Qc8 (9... Nb4 $11 10. Qb3 a5) 10. h3 $16 Bd7 11. e4 e5 12. dxe5 dxe5 13. a3 Nh5 14. b4 Nf4 15. Bxf4 exf4 16. Rac1 Nb8 {[#]} 17. Qd2 $1 Bxc3 18. Rxc3 Ba4 19. Re1 ({Inferior is} 19. Qxf4 Bxd1 20. Bxd1 Qd7 $11) 19... Rxe4 20. Ng5 Re5 21. Qxf4 Qf5 22. Qxf5 Rxf5 23. Ne4 {Bg4 is the strong threat.} Kg7 24. Nc5 $36 {[%mdl 2048] Keeping Black busy.} a5 25. Bg4 ({Don't do} 25. Nxa4 $6 axb4 26. axb4 Rxa4 $16) 25... Rxc5 26. bxc5 Na6 27. Re5 Kf6 28. Rce3 Bc6 29. Be2 Rd8 30. g4 h6 31. h4 {[%cal Bh3h4,Bh4h5][%mdl 32]} Rd4 32. h5 Bd7 $2 {[#]} (32... Rf4 33. hxg6 fxg6) 33. g5+ $1 $18 hxg5 {[#]} 34. Rd5 $1 {[%cal Rd5d4] White is clearly winning.} Rxd5 35. cxd5 gxh5 36. c6 {Accuracy: White = 87%, Black = 51%.} 1-0